000 005530000a22001930004500
090 _aAR
_b03551
245 1 0 _aAcridios de Tucuman
_snotas bioecológicas
650 1 4 _aEntomología
_94483
650 1 4 _aTaxonomía animal
_98245
650 1 4 _aDistribución
_992865
650 1 4 _aEcología
_992250
650 1 4 _aBiología
_992
650 1 4 _aMorfología animal
_99953
651 4 _dTucumán
_pArgentina
_992749
041 0 _aEspañol
100 1 _aBarrera, Mauricio
_996688
942 _cARTICULO
773 1 _tActa Zoológica Lilloana
_h11
_q107-124
_d1975
_g31
999 _c12601
_d12601